Ranks of the German Bundeswehr - German Army (Heer) and German Air Force (Luftwaffe) - Statistics

General Stats
  • This quiz has been taken 318 times
  • The average score is 16 of 26
Answer Stats
Dienstgrad % Correct
General
89%
Oberst
88%
Leutnant
82%
Major
80%
Hauptmann
74%
Feldwebel
72%
Gefreiter
72%
Obergefreiter
67%
Oberleutnant
65%
Oberstleutnant
65%
Oberfeldwebel
63%
Generalleutnant
62%
Stabsgefreiter
62%
Generalmajor
59%
Unteroffizier
59%
Stabsfeldwebel
58%
Hauptfeldwebel
55%
Hauptgefreiter
55%
Oberstabsgefreiter
53%
Oberstabsfeldwebel
52%
Fähnrich
51%
Brigadegeneral
49%
Oberfähnrich
43%
Stabshauptmann
42%
Stabsunteroffizier
39%
Fahnenjunker
37%
No matching quizzes found
Score Distribution
Percent of People with Each Score
Percentile by Number Answered
Your Score History
You have not taken this quiz